Better Call Saul Character By Picture #Extreme - Statistics

General Stats
  • This quiz has been taken 174 times
  • The average score is 29 of 52
Answer Stats
Picture Answer % Correct
Jimmy McGill
100%
Gustavo Fring
99%
Charles McGill
98%
Hector Salamanca
98%
Howard Hamlin
98%
Kim Wexler
98%
Mike Ehrmantraut
98%
Nacho Varga
98%
Lalo Salamanca
94%
Huell Babineaux
83%
Tyrus Kitt
83%
Clifford Main
80%
Francesca Liddy
79%
Tuco Salamanca
79%
Lyle
78%
Victor
76%
Werner Ziegler
76%
Domingo Molina
72%
Juan Bolsa
67%
Richard Schweikart
67%
Bill Oakley
62%
Ernesto
61%
Betsy Kettleman
56%
Paige Novick
56%
Irene Landry
55%
Kevin Wachtell
55%
Stacey Ehrmantraut
52%
Kaylee Ehrmantraut
48%
Marco Pasternak
48%
Leonel Salamanca
47%
Craig Kettleman
46%
Marco Salamanca
44%
Daniel Wormald
41%
Rebecca Bois
40%
Erin Brill
36%
Mrs. Nguyen
35%
Marion
34%
Jeff
33%
Omar
33%
Arturo Colon
29%
Everett Acker
27%
Manuel Varga
27%
Viola Goto
27%
Kai
25%
Suzanne Ericsen
25%
Caldera
21%
Casper
20%
Marshall Dixon
17%
Phil
15%
Rand Casimiro
15%
Sherry
12%
Lance
8%
No matching quizzes found
Score Distribution
Percent of People with Each Score
Percentile by Number Answered
Your Score History
You have not taken this quiz